[Event "CZE-chT2C 1213"]
[Site "Czech Republic"]
[Date "2012.12.16"]
[Round "5.6"]
[White "Cmiko, Jakub"]
[Black "Krch, Lukas"]
[Result "1-0"]
[WhiteElo "2027"]
[BlackElo "1914"]
[PlyCount "65"]
[EventDate "2012.10.14"]
[EventType "team-tourn"]
[EventRounds "11"]
[EventCountry "CZE"]
[SourceTitle "EXT 2015"]
[Source "ChessBase"]
[SourceDate "2014.11.20"]
[SourceVersion "1"]
[SourceVersionDate "2014.11.20"]
[SourceQuality "1"]
[WhiteTeam "Praha Oaza"]
[BlackTeam "Tabor II"]
[WhiteTeamCountry "CZE"]
[BlackTeamCountry "CZE"]

1. e4 e6 2. d4 d5 3. Nc3 Bb4 4. e5 c5 5. a3 Bxc3+ 6. bxc3 Ne7 7. Qg4 0-0 8. Bd3 Nbc6 9. Nf3 f5 10. Qg3 Qb6 11. dxc5 Qxc5 12. Bd2 Na5 13. 0-0 Nc4 14. Bg5 Ng6 15. Rfe1 Qc7 16. Bf4 Bd7 17. h4 Nxf4 18. Qxf4 Rac8 19. Nd4 a6 20. Bxc4 Qxc4 21. Re3 Rc7 22. Rg3 Qc5 23. Re1 Qe7 24. Ree3 Qxa3 25. Qh6 Qe7 26. Rxg7+ Qxg7 27. Rg3 Qxg3 28. fxg3 Re8 29. Ne2 Bc8 30. Nf4 Ree7 31. Qg5+ Kh8 32. Nh5 Rf7 33. Qd8+ 1-0

[Event "CZE-chT2A 1011"]
[Site "Czech Republic"]
[Date "2011.04.10"]
[Round "11"]
[White "Krch, Lukas"]
[Black "Pirklova, Hana"]
[Result "1/2-1/2"]
[WhiteElo "1923"]
[BlackElo "2148"]
[PlyCount "39"]
[EventDate "2010.10.17"]
[EventType "team-tourn"]
[EventRounds "11"]
[EventCountry "CZE"]
[SourceTitle "EXT 2012"]
[Source "ChessBase"]
[SourceDate "2011.11.24"]
[SourceVersion "1"]
[SourceVersionDate "2011.11.24"]
[SourceQuality "1"]
[WhiteTeam "Tabor II"]
[BlackTeam "Praha Oaza"]
[WhiteTeamCountry "CZE"]
[BlackTeamCountry "CZE"]

1. e4 e6 2. d4 d5 3. Nd2 Nf6 4. e5 Nfd7 5. Bd3 c5 6. c3 Nc6 7. Ne2 cxd4 8. cxd4 f6 9. exf6 Nxf6 10. 0-0 Bd6 11. Nf3 0-0 12. Bf4 Bxf4 13. Nxf4 Qd6 14. g3 e5 15. dxe5 Nxe5 16. Nxe5 Qxe5 17. Qe2 Qxe2 18. Nxe2 Bh3 19. Rfe1 Rfe8 20. Nf4 1/2-1/2

[Event "CZE-chT2A 1011"]
[Site "Czech Republic"]
[Date "2011.03.27"]
[Round "10"]
[White "Muzikar, Jan"]
[Black "Krch, Lukas"]
[Result "1-0"]
[WhiteElo "2046"]
[BlackElo "1923"]
[PlyCount "31"]
[EventDate "2010.10.17"]
[EventType "team-tourn"]
[EventRounds "11"]
[EventCountry "CZE"]
[SourceTitle "EXT 2012"]
[Source "ChessBase"]
[SourceDate "2011.11.24"]
[SourceVersion "1"]
[SourceVersionDate "2011.11.24"]
[SourceQuality "1"]
[WhiteTeam "Cesky Krumlov"]
[BlackTeam "Tabor II"]
[WhiteTeamCountry "CZE"]
[BlackTeamCountry "CZE"]

1. e4 e6 2. Nc3 d5 3. Nf3 Nf6 4. e5 Nfd7 5. d4 c5 6. Bb5 Nc6 7. 0-0 Be7 8. Re1 Qb6 9. Be3 a6 10. dxc5 Bxc5 11. Bxc6 bxc6 12. Na4 Qa5 13. Nxc5 Nxc5 14. Nd4 Bd7 15. Qg4 Kf8 16. b4 1-0

[Event "CZE-chT2A 1011"]
[Site "Czech Republic"]
[Date "2011.03.06"]
[Round "9.7"]
[White "Kotrba, Tomas"]
[Black "Krch, Lukas"]
[Result "1/2-1/2"]
[WhiteElo "2135"]
[BlackElo "1923"]
[PlyCount "33"]
[EventDate "2010.10.17"]
[EventType "team-tourn"]
[EventRounds "11"]
[EventCountry "CZE"]
[SourceTitle "EXT 2012"]
[Source "ChessBase"]
[SourceDate "2011.11.24"]
[SourceVersion "1"]
[SourceVersionDate "2011.11.24"]
[SourceQuality "1"]
[WhiteTeam "Zizkov"]
[BlackTeam "Tabor II"]
[WhiteTeamCountry "CZE"]
[BlackTeamCountry "CZE"]

1. d4 e6 2. Nf3 Nf6 3. Bg5 h6 4. Bh4 c5 5. e3 Nc6 6. c3 Be7 7. Nbd2 b6 8. Bd3 Bb7 9. 0-0 cxd4 10. exd4 Nh5 11. Bxe7 Nxe7 12. Re1 Nf4 13. Bf1 0-0 14. Ne5 d6 15. Nd3 Nxd3 16. Bxd3 Nd5 17. Bf1 1/2-1/2

[Event "Tabor op"]
[Site "Tabor"]
[Date "2010.08.05"]
[Round "6"]
[White "Horak, Vladimir"]
[Black "Krch, Lukas"]
[Result "1-0"]
[WhiteElo "2082"]
[BlackElo "1916"]
[PlyCount "61"]
[EventDate "2010.08.01"]
[EventType "swiss"]
[EventRounds "9"]
[EventCountry "CZE"]
[SourceTitle "EXT 2012"]
[Source "ChessBase"]
[SourceDate "2011.11.24"]
[SourceVersion "1"]
[SourceVersionDate "2011.11.24"]
[SourceQuality "1"]

1. d4 d5 2. Nf3 Nf6 3. e3 e6 4. Bd3 c5 5. c3 Nc6 6. Nbd2 Qc7 7. 0-0 Bd7 8. Qe2 b6 9. e4 dxe4 10. Nxe4 Nxe4 11. Bxe4 cxd4 12. cxd4 Be7 13. d5 exd5 14. Bxd5 0-0 15. Bg5 Bxg5 16. Nxg5 Qf4 17. Nf3 Rac8 18. Rfd1 Bg4 19. h3 Bh5 20. Qd2 Qxd2 21. Rxd2 Nb4 22. g4 Bg6 23. Bb3 Rc7 24. Rad1 Nc6 25. Rd7 Rxd7 26. Rxd7 Rd8 27. Rc7 Na5 28. Ba4 Kf8 29. b4 Be4 30. Ng5 Rd1+ 31. Bxd1 1-0

[Event "Tabor op"]
[Site "Tabor"]
[Date "2010.08.02"]
[Round "3"]
[White "Krch, Lukas"]
[Black "Sakar, Milos"]
[Result "1-0"]
[WhiteElo "1916"]
[BlackElo "2087"]
[PlyCount "45"]
[EventDate "2010.08.01"]
[EventType "swiss"]
[EventRounds "9"]
[EventCountry "CZE"]
[SourceTitle "EXT 2012"]
[Source "ChessBase"]
[SourceDate "2011.11.24"]
[SourceVersion "1"]
[SourceVersionDate "2011.11.24"]
[SourceQuality "1"]

1. e4 e6 2. d4 d5 3. Nc3 Bb4 4. e5 Ne7 5. Bd3 c5 6. a3 cxd4 7. axb4 dxc3 8. bxc3 Qc7 9. f4 Qxc3+ 10. Bd2 Qc7 11. Nf3 Nd7 12. 0-0 Rb8 13. Ng5 g6 14. Rf3 a6 15. Rh3 h6 16. Qg4 Nf5 17. Kh1 Nb6 18. Qe2 Rg8 19. Nh7 Rg7 20. Nf6+ Ke7 21. g4 Nd4 22. Qf2 Nc6 23. Qc5+ 1-0

[Event "Tabor op"]
[Site "Tabor"]
[Date "2010.08.01"]
[Round "1"]
[White "Krch, Lukas"]
[Black "Dolezal, Radoslav"]
[Result "0-1"]
[WhiteElo "1916"]
[BlackElo "2416"]
[PlyCount "101"]
[EventDate "2010.08.01"]
[EventType "swiss"]
[EventRounds "9"]
[EventCountry "CZE"]
[SourceTitle "EXT 2012"]
[Source "ChessBase"]
[SourceDate "2011.11.24"]
[SourceVersion "1"]
[SourceVersionDate "2011.11.24"]
[SourceQuality "1"]

1. e4 c6 2. d4 d5 3. Nc3 g6 4. e5 Bg7 5. Nf3 f6 6. exf6 exf6 7. Bf4 Ne7 8. Qd2 g5 9. Be3 Bf5 10. Bd3 Qd7 11. Ne2 Bxd3 12. Qxd3 Qf5 13. 0-0-0 Qxd3 14. Rxd3 Nd7 15. h4 h6 16. Ng3 Kf7 17. Nh5 Nf5 18. Nxg7 Kxg7 19. g4 Nd6 20. Nd2 h5 21. hxg5 hxg4 22. gxf6+ Kxf6 23. Rg1 Rhg8 24. Bf4 Nf5 25. Nf1 Rg6 26. Ne3 Rag8 27. Kd2 Nb6 28. b3 Nc8 29. Be5+ Ke6 30. Ng2 Rh6 31. Nf4+ Kd7 32. c4 Nce7 33. cxd5 cxd5 34. Rc3 Rc6 35. Rxc6 bxc6 36. Nh5 Ke6 37. Nf6 Rg6 38. Nxg4 c5 39. f3 Nxd4 40. Bxd4 cxd4 41. Rc1 Kd6 42. Kd3 Re6 43. Kxd4 Re2 44. a3 Ra2 45. a4 a5 46. Ne3 Rf2 47. Rf1 Nc6+ 48. Kd3 Nb4+ 49. Kc3 Re2 50. Ng4 Kc5 51. Rc1 0-1

[Event "Pardubice KV op"]
[Site "Pardubice"]
[Date "2010.??.??"]
[Round "4"]
[White "Krch, Lukas"]
[Black "Smid, Miroslav"]
[Result "0-1"]
[WhiteElo "1920"]
[BlackElo "2200"]
[PlyCount "46"]
[EventDate "2010.07.??"]
[EventType "swiss"]
[EventRounds "7"]
[EventCountry "CZE"]
[SourceTitle "EXT 2012"]
[Source "ChessBase"]
[SourceDate "2011.11.24"]
[SourceVersion "1"]
[SourceVersionDate "2011.11.24"]
[SourceQuality "1"]

1. e4 c5 2. d4 cxd4 3. c3 dxc3 4. Nxc3 e6 5. Bc4 a6 6. Nf3 b5 7. Bb3 Bb7 8. 0-0 d6 9. Qe2 Nd7 10. Rd1 Ngf6 11. Bf4 b4 12. e5 bxc3 13. exf6 Qxf6 14. Bxd6 cxb2 15. Rab1 Bxd6 16. Rxd6 Nc5 17. Rxb2 0-0 18. Bc2 g6 19. Rbb6 Rac8 20. Ne5 Rfd8 21. f3 Rxd6 22. Rxd6 Ne4 23. Nxf7 Nxd6 0-1

[Event "Schneider Bohemia op-B"]
[Site "Plzen"]
[Date "2001.??.??"]
[Round "7.6"]
[White "Krch, Lukas"]
[Black "Jaros, Martin"]
[Result "0-1"]
[WhiteElo "1509"]
[BlackElo "1750"]
[PlyCount "50"]
[EventDate "2001.08.??"]
[EventType "swiss"]
[EventRounds "9"]
[EventCountry "CZE"]
[SourceTitle "EXT 2002"]
[Source "ChessBase"]
[SourceDate "2001.11.25"]
[SourceVersion "1"]
[SourceVersionDate "2001.11.25"]
[SourceQuality "1"]

1. e4 e5 2. f4 d5 3. exd5 e4 4. d3 Nf6 5. dxe4 Nxe4 6. Be3 Qh4+ 7. g3 Nxg3 8. Nf3 Qh5 9. hxg3 Qxh1 10. Qe2 Bg4 11. Nbd2 Nd7 12. Bc5+ Kd8 13. Bxf8 Rxf8 14. 0-0-0 Re8 15. Qf2 Qh5 16. Bg2 Ke7 17. Re1+ Kf8 18. Rh1 Qg6 19. Bf1 Qb6 20. Nd4 Nf6 21. Nc4 Qxd4 22. Qxd4 Re1+ 23. Kd2 Rd1+ 24. Ke3 Nxd5+ 25. Ke4 f5+ 0-1